Riadená reprodukcia hospodárskych zvierat (výber z prednášok pre frekventantov postgraduálneho a medziodborového štúdia v odbore "Šľachtenie a reprodukcia hospodárskych zvierat")

Bibliographic Details
Other Authors: Uhlár, Jozef, 1932- (Compiler)
Format: Book
Language:Slovak
Czech
PhysicalDescription:147 s. 20 cm
Published: Nitra Vysoká škola poľnohospodárska 1989
Edition:[1. vyd.]
Subjects:

MARC

LEADER 00000cam a2200000 a 4500
001 vtls009592339
003 SK-MaSNL
005 20260302010224.0
008 180815s1989 xo e 000 0 slo
020 |q (brož.) 
035 |a TNKK072957 
040 |a SNK  |b slo  |c SNK  |e AACR2 
041 0 |a slo  |a cze 
044 |a xo  |c SK 
072 7 |a 636  |x Chov zvierat. Živočíšna výroba  |2 konspekt 
080 |a 636.1/.5  |2 2001 
080 |a 591.16  |2 2001 
080 |a (07)  |2 2001 
245 0 0 |a Riadená reprodukcia hospodárskych zvierat  |b (výber z prednášok pre frekventantov postgraduálneho a medziodborového štúdia v odbore "Šľachtenie a reprodukcia hospodárskych zvierat")  |c [zostavovateľ Jozef Uhlár] 
250 |a [1. vyd.] 
260 |a Nitra  |b Vysoká škola poľnohospodárska  |c 1989 
300 |a 147 s.  |c 20 cm 
546 |a Text aj v češtine 
650 0 7 |a hospodárske zvieratá  |2 SNKPH  |9 1097 
650 0 7 |a rozmnožovanie hospodárskych zvierat  |2 SNKPH  |9 67919 
655 7 |a učebné texty  |2 SNKPH  |9 70568 
700 1 |a Uhlár, Jozef,  |d 1932-  |4 com  |9 38845 
958 |a OND 
999 |c 1002382  |d 1004312 
952 |a SNK  |b SNK  |y PREZ  |7 0  |p 17A0810368  |o snkSD 82869  |i snk2014/2671  |8 1  |0 0  |1 0  |4 0  |d 2014-01-27  |l 0  |r 2025-12-04 00:00:00  |w 2026-02-24